[Event "Titled Tue 10th Jun Early"]
[Site "chess.com INT"]
[Date "2025.06.10"]
[Round "3"]
[White "Zheng, Marcus"]
[Black "Palczert, Matyas"]
[Result "0-1"]
[BlackTitle "FM"]
[WhiteElo "1969"]
[BlackElo "2396"]
[WhiteFideId "30974038"]
[BlackFideId "784958"]
[EventDate "2025.06.10"]

1. d4 Nf6 2. c4 g6 3. Nc3 d5 4. c5 Bg7 5. Nf3 O-O 6. h3 c6 7. Bf4 Nfd7 8. e3 Re8
9. Be2 e5 10. dxe5 Nxe5 11. O-O Nxf3+ 12. Bxf3 Nd7 13. Na4 Qe7 14. Rc1 Ne5 15.
b4 Be6 16. Nc3 Rad8 17. Bxe5 Bxe5 18. Ne2 Qg5 19. Kh1 Bc7 20. Qd4 Bf5 21. Bg4
Re4 22. f4 Qh6 23. Bxf5 Rxd4 24. Nxd4 gxf5 25. Nxf5 Qe6 26. g4 Qe4+ 27. Kh2 Qxb4
28. Rb1 Qd2+ 29. Kg3 Re8 30. Rxb7 Rxe3+ 31. Kh4 Bd8+ 32. g5 Re4 33. Kg4 Qg2+ 34.
Ng3 Re3 35. Rb8 Qxg3+ 36. Kf5 Qxh3# 0-1

[Event "Titled Tue 10th Jun Early"]
[Site "chess.com INT"]
[Date "2025.06.10"]
[Round "3"]
[White "Karpenko, Anton"]
[Black "Kholyavko, Mariya"]
[Result "0-1"]
[WhiteTitle "CM"]
[BlackTitle "WFM"]
[WhiteElo "2219"]
[BlackElo "2175"]
[WhiteFideId "34374353"]
[BlackFideId "13748505"]
[EventDate "2025.06.10"]

1. e4 b6 2. d4 Bb7 3. Bd3 g6 4. Nf3 Bg7 5. O-O e6 6. Qe2 Ne7 7. h4 c5 8. c3 cxd4
9. cxd4 Nbc6 10. d5 Nb4 11. d6 Nc8 12. Bf4 Nxd3 13. Qxd3 Bxb2 14. Nbd2 Qf6 15.
Qe3 Bxa1 16. e5 Qf5 17. Rxa1 O-O 18. Nd4 Qg4 19. f3 Qxh4 20. Bg5 Qh5 21. Ne2 f5
22. exf6 Nxd6 23. Qf4 Nf7 24. Bh4 g5 25. Qc7 Ba6 26. Bg3 Bxe2 27. Kf2 Bb5 28. a4
Bc6 0-1

[Event "Titled Tue 10th Jun Early"]
[Site "chess.com INT"]
[Date "2025.06.10"]
[Round "3"]
[White "Simonovic, Miroslav"]
[Black "Turzo, Attila"]
[Result "1/2-1/2"]
[WhiteTitle "CM"]
[BlackTitle "IM"]
[WhiteElo "2092"]
[BlackElo "2245"]
[WhiteFideId "919152"]
[BlackFideId "704954"]
[EventDate "2025.06.10"]

1. d4 Nf6 2. Bg5 e6 3. e4 h6 4. Bxf6 Qxf6 5. Nc3 Bb4 6. Qd3 d5 7. e5 Qe7 8. a3
Bxc3+ 9. Qxc3 b6 10. b4 f6 11. exf6 gxf6 12. f4 Qd6 13. g3 Ba6 14. Nf3 Bxf1 15.
Rxf1 Nc6 16. Kf2 O-O-O 17. Rfe1 Rhe8 18. Re3 Re7 19. Rae1 Rde8 20. Qd3 Kb7 21.
c3 f5 22. a4 Nb8 23. a5 Nd7 24. Ra1 Nb8 25. Re2 a6 26. axb6 cxb6 27. Rea2 b5 28.
Ne5 Rc8 29. Ke3 Rec7 30. Ra3 Nd7 31. Kd2 Nxe5 32. dxe5 Qb6 33. Rxa6 Qxa6 34.
Rxa6 Kxa6 35. Qd4 Rxc3 36. Qxc3 Rxc3 37. Kxc3 h5 38. h4 Kb6 39. Kd4 Kc6 40. Kc3
Kb6 41. Kd3 Kc6 42. Kd4 Kb6 43. Kd3 Kc6 44. Kd4 Kb6 45. Kd3 1/2-1/2

[Event "Titled Tue 10th Jun Early"]
[Site "chess.com INT"]
[Date "2025.06.10"]
[Round "3"]
[White "Murthy, Pappu"]
[Black "Silvestre, Christian"]
[Result "0-1"]
[WhiteElo "1838"]
[BlackElo "1992"]
[WhiteFideId "2013401"]
[BlackFideId "30956269"]
[EventDate "2025.06.10"]

1. e4 c6 2. d4 d5 3. e5 a6 4. a4 c5 5. Nc3 Nc6 6. Nf3 Bg4 7. Be3 e6 8. h3 Bxf3
9. gxf3 Nge7 10. f4 Nf5 11. Ne2 cxd4 12. Nxd4 Nxe3 13. fxe3 Qh4+ 14. Ke2 Rc8 15.
c3 Bc5 16. Rg1 g6 17. Rg4 Qh6 18. Bg2 Bxd4 19. exd4 Qf8 20. Kf1 h5 21. Rg3 Ne7
22. Kg1 Nf5 23. Rd3 Qh6 24. Qf3 Kf8 25. Rf1 Kg7 26. Rf2 b5 27. axb5 axb5 28. Rd1
b4 29. Bf1 bxc3 30. bxc3 Rc7 31. Rc1 Nxd4 32. Qd3 Nf5 33. c4 Rhc8 34. Qd2 dxc4
35. Rf3 h4 36. Rfc3 Ng3 37. Bxc4 Ne4 38. Qd3 Qxf4 0-1

[Event "Titled Tue 10th Jun Early"]
[Site "chess.com INT"]
[Date "2025.06.10"]
[Round "3"]
[White "Suleymanli, Suleyman"]
[Black "Niemann, Hans Moke"]
[Result "0-1"]
[WhiteTitle "FM"]
[BlackTitle "GM"]
[WhiteElo "2308"]
[BlackElo "2736"]
[WhiteFideId "13416375"]
[BlackFideId "2093596"]
[EventDate "2025.06.10"]

1. Nf3 d5 2. g3 Nc6 3. d4 Bf5 4. Bg2 Nb4 5. Na3 e6 6. O-O Be7 7. c3 Nc6 8. Nc2
h5 9. h4 Nf6 10. Bg5 Ne4 11. Bxe7 Qxe7 12. Ne3 Bh7 13. Qa4 O-O 14. c4 Rfd8 15.
cxd5 exd5 16. Qb3 Na5 17. Qb5 Nxg3 18. Qxa5 Nxf1 19. Rxf1 c6 20. Rc1 Re8 21. Qc5
Qf6 22. Ng5 Qf4 23. Nxh7 Kxh7 24. Qc2+ g6 25. b4 a6 26. a4 Qxh4 27. b5 axb5 28.
axb5 Re6 29. bxc6 bxc6 30. Rb1 Qxd4 31. Rb7 Rf6 32. Bf3 Ra1+ 33. Kg2 Qh4 34. Nf1
Qg5+ 35. Ng3 h4 36. Qb2 Ra4 37. Qb3 Rc4 38. Qa3 hxg3 39. fxg3 Qe5 40. Qf8 Rxf3 0-1

[Event "Titled Tue 10th Jun Early"]
[Site "chess.com INT"]
[Date "2025.06.10"]
[Round "3"]
[White "Ser, Daniel"]
[Black "Safin Safarullakhan"]
[Result "0-1"]
[WhiteTitle "CM"]
[BlackTitle "CM"]
[WhiteElo "2005"]
[BlackElo "2028"]
[WhiteFideId "12829404"]
[BlackFideId "33379475"]
[EventDate "2025.06.10"]

1. d4 Nf6 2. Bf4 c5 3. e3 Qb6 4. Na3 d6 5. Nc4 Qc7 6. Nf3 g6 7. h3 Bg7 8. c3 O-O
9. a4 Be6 10. Be2 cxd4 11. cxd4 Bxc4 12. Rc1 Qa5+ 13. Nd2 Bxe2 14. Qxe2 Ne4 15.
Rc2 e5 16. Bh2 exd4 17. O-O Nxd2 18. Rxd2 Nc6 19. Bxd6 Rfe8 20. Bf4 Rad8 21. e4
Qxa4 22. Rfd1 Re6 23. f3 Rde8 24. b3 Qxb3 25. Rb2 d3 26. Rxb3 dxe2 27. Re1 Nd4
28. Rxb7 a5 29. Ra7 Nxf3+ 0-1

[Event "Titled Tue 10th Jun Early"]
[Site "chess.com INT"]
[Date "2025.06.10"]
[Round "3"]
[White "Sarveshwaran V"]
[Black "Kozak, Antoni"]
[Result "0-1"]
[WhiteTitle "CM"]
[WhiteElo "2290"]
[BlackElo "2426"]
[WhiteFideId "25699016"]
[BlackFideId "21832030"]
[EventDate "2025.06.10"]

1. e4 e6 2. d4 d5 3. exd5 exd5 4. Nf3 Nf6 5. h3 c5 6. Bb5+ Nc6 7. O-O Bd6 8.
dxc5 Bxc5 9. Bg5 O-O 10. Nc3 Be6 11. Bxc6 bxc6 12. Nd4 Bd7 13. Qd3 h6 14. Bh4 g5
15. Bg3 Nh5 16. Be5 Re8 17. Rfe1 Nf4 18. Qd2 Ng6 19. Bg3 Qf6 20. Nb3 Bb6 21. a4
a5 22. Ne4 dxe4 23. Qxd7 Re7 24. Qg4 e3 25. fxe3 Qxb2 26. Nd4 Rxe3 27. Bf2 Bxd4
28. Bxe3 Bxe3+ 29. Kh1 Bf4 30. Qf5 Kg7 31. Rab1 Qf6 32. Qe4 Rd8 33. Rb7 Rd5 34.
Rb6 Re5 0-1

[Event "Titled Tue 10th Jun Early"]
[Site "chess.com INT"]
[Date "2025.06.10"]
[Round "3"]
[White "Melamed, Daniel"]
[Black "Estrada Nieto, Julian"]
[Result "1-0"]
[WhiteTitle "CM"]
[BlackTitle "IM"]
[WhiteElo "2047"]
[BlackElo "2181"]
[WhiteFideId "3229076"]
[BlackFideId "5101018"]
[EventDate "2025.06.10"]

1. d4 d5 2. Bf4 Nf6 3. e3 c5 4. c3 Nc6 5. Nf3 Qb6 6. Qc2 Bf5 7. dxc5 Bxc2 8.
cxb6 axb6 9. Na3 Rxa3 10. bxa3 e5 11. Nxe5 Bxa3 12. Bb5 Bb2 13. Nxc6 bxc6 14.
Bxc6+ Ke7 15. O-O Bxa1 16. Rxa1 Rc8 17. Rc1 Rxc6 18. Rxc2 Ne4 19. Be5 f6 20. Bd4
b5 21. f3 Nd6 22. Rb2 Kd7 23. Kf2 Rc4 24. Ke2 Kc6 25. Rb4 Nf5 26. Rxc4+ dxc4 27.
e4 Nxd4+ 28. cxd4 b4 29. Kd2 Kb5 30. Kc2 Ka4 31. Kb2 Kb5 32. d5 Kc5 33. Kc2 g5
34. g3 Kd6 35. f4 gxf4 36. gxf4 f5 37. e5+ Kxd5 38. h4 h5 39. Kd2 Kc5 40. Ke3
Kd5 41. Kd2 Kc5 42. Kc2 Kd5 43. Kb2 Kc5 44. a3 bxa3+ 45. Kxa3 Kd4 46. e6 Kd3 47.
e7 c3 48. e8=Q c2 49. Qe1 1-0

[Event "Titled Tue 10th Jun Early"]
[Site "chess.com INT"]
[Date "2025.06.10"]
[Round "3"]
[White "Bruhovich, Olexandr"]
[Black "Skiadopoulos, Nikolaos"]
[Result "0-1"]
[WhiteTitle "CM"]
[BlackTitle "CM"]
[WhiteElo "2208"]
[BlackElo "1882"]
[WhiteFideId "14119919"]
[BlackFideId "4200772"]
[EventDate "2025.06.10"]

1. Nf3 c5 2. g3 b6 3. Bg2 Bb7 4. d3 g6 5. O-O Bg7 6. e4 d6 7. Nbd2 Nf6 8. c3 O-O
9. Re1 e5 10. d4 exd4 11. cxd4 cxd4 12. Nxd4 d5 13. e5 Ne4 14. Nxe4 dxe4 15.
Bxe4 Bxe4 16. Rxe4 Nc6 17. Bf4 Qd5 18. f3 Rad8 19. Nxc6 Qxd1+ 20. Rxd1 Rxd1+ 21.
Kf2 Rd7 22. b4 a6 23. a4 b5 24. axb5 axb5 25. g4 Rc8 26. Nd4 Rc4 27. Nb3 Rxe4
28. fxe4 g5 29. Bxg5 Bxe5 30. Nc5 Rd4 31. Be3 Rxb4 32. Nd7 Bxh2 33. e5 Rxg4 34.
Bh6 Rg6 35. Nf6+ Kh8 0-1

[Event "Titled Tue 10th Jun Early"]
[Site "chess.com INT"]
[Date "2025.06.10"]
[Round "3"]
[White "Maghsoodloo, Parham"]
[Black "Llorente Zaro, Alfonso"]
[Result "1-0"]
[WhiteTitle "GM"]
[BlackTitle "IM"]
[WhiteElo "2691"]
[BlackElo "2433"]
[WhiteFideId "12539929"]
[BlackFideId "2254131"]
[EventDate "2025.06.10"]

1. d4 Nf6 2. c4 e6 3. Nf3 h6 4. Bf4 b6 5. a3 Bb7 6. Nc3 d5 7. Rc1 a6 8. e3 Nbd7
9. cxd5 exd5 10. Bd3 Be7 11. O-O O-O 12. h3 Re8 13. Bb1 c5 14. dxc5 bxc5 15. Ba2
Nb6 16. Rc2 Bd6 17. Ne2 Qe7 18. Nh4 Bxf4 19. Nxf4 g6 20. Nd3 Rac8 21. b4 cxb4
22. axb4 Qe4 23. Rxc8 Rxc8 24. Nf3 d4 25. Nc5 Qe7 26. Nxb7 dxe3 27. Qd4 e2 28.
Re1 Rc2 29. Bb3 Rc6 30. Ne5 Rd6 31. Nxd6 1-0

[Event "Titled Tue 10th Jun Early"]
[Site "chess.com INT"]
[Date "2025.06.10"]
[Round "3"]
[White "Puzyrevsky, Semyon"]
[Black "Kawka, Milena"]
[Result "1-0"]
[WhiteTitle "FM"]
[BlackTitle "WCM"]
[WhiteElo "2292"]
[BlackElo "2003"]
[WhiteFideId "24240931"]
[BlackFideId "21095167"]
[EventDate "2025.06.10"]

1. a3 d5 2. b4 Nf6 3. Bb2 g6 4. f4 Bg7 5. Nf3 O-O 6. e3 a5 7. b5 Nbd7 8. Be2 c5
9. bxc6 bxc6 10. O-O Rb8 11. Bc3 Ne4 12. Bxg7 Kxg7 13. d3 Nef6 14. Nbd2 Qb6 15.
Nd4 c5 16. Rb1 Qc7 17. Rxb8 Qxb8 18. N4f3 Ba6 19. Qa1 Kg8 20. Rb1 Qd6 21. Ne5
Rb8 22. Rxb8+ Qxb8 23. Bf3 e6 24. Nb3 a4 25. Nd2 Nxe5 26. fxe5 Nd7 27. d4 Qb5
28. Qc3 Kg7 29. h3 h5 30. Kh2 cxd4 31. exd4 Nb6 32. Qe3 Nc4 33. Nxc4 Qxc4 34. c3
Qb3 35. Qc1 Bd3 36. Bd1 Qb5 37. Qg5 Bc4 38. Bxh5 Qb3 39. Qf6+ Kg8 40. Bxg6 fxg6
41. Qxg6+ Kf8 42. Qf6+ Kg8 43. Qxe6+ Kg7 44. Qf6+ Kg8 45. e6 Qb8+ 46. Kg1 Qb1+
47. Kf2 Qc2+ 48. Kg3 Qd3+ 49. Kh2 Qf1 50. Qxf1 Bxf1 51. g4 Kf8 52. Kg3 Bd3 53.
Kf4 Ke7 54. Ke5 Bf1 55. h4 Be2 56. g5 Bh5 57. Kxd5 Bg4 58. Ke5 Bxe6 59. d5 Bf7
60. c4 1-0

[Event "Titled Tue 10th Jun Early"]
[Site "chess.com INT"]
[Date "2025.06.10"]
[Round "3"]
[White "Garcia Correa, Jose Ricardo"]
[Black "Kalyani Sirin"]
[Result "0-1"]
[WhiteTitle "FM"]
[BlackTitle "WFM"]
[WhiteElo "2103"]
[BlackElo "2138"]
[WhiteFideId "5101832"]
[BlackFideId "33323500"]
[EventDate "2025.06.10"]

1. e4 c5 2. Nf3 Nc6 3. d4 cxd4 4. Nxd4 Nf6 5. Nc3 d6 6. Bc4 e6 7. Be3 a6 8. f3
Qc7 9. Qe2 Be7 10. g4 Ne5 11. Bb3 h6 12. O-O-O b5 13. h4 Nc4 14. g5 Nxe3 15.
Qxe3 hxg5 16. hxg5 Nh5 17. g6 Bf6 18. gxf7+ Qxf7 19. f4 Bd7 20. f5 Qe7 21. fxe6
Bg5 22. exd7+ Kxd7 23. Be6+ Ke8 24. Qxg5 Qxg5+ 25. Kb1 Rh6 26. Rhg1 Qe5 27. Bf5
Kf7 28. Nf3 Qf6 29. Nd5 Qd8 30. Ng5+ Kg8 31. Be6+ Rxe6 32. Nxe6 Qh4 33. Ne7+
Qxe7 0-1

[Event "Titled Tue 10th Jun Early"]
[Site "chess.com INT"]
[Date "2025.06.10"]
[Round "3"]
[White "Vakhlamov, Igor L."]
[Black "Demirtas, Alper"]
[Result "1-0"]
[WhiteTitle "FM"]
[BlackTitle "CM"]
[WhiteElo "2413"]
[BlackElo "2205"]
[WhiteFideId "24126748"]
[BlackFideId "44576781"]
[EventDate "2025.06.10"]

1. e4 e6 2. d4 d5 3. Nc3 dxe4 4. Nxe4 Nd7 5. Nf3 Ngf6 6. Nxf6+ Nxf6 7. Bg5 Be7
8. Bd3 O-O 9. Qe2 c5 10. dxc5 Qa5+ 11. c3 Qxc5 12. O-O-O h6 13. Bxf6 Bxf6 14. g4
Bd7 15. Kb1 Bc6 16. h4 Qb6 17. Ka1 Be7 18. g5 h5 19. Ne5 g6 20. Nxg6 fxg6 21.
Qxe6+ Rf7 22. Bxg6 Be8 23. Bxf7+ Bxf7 24. Qxe7 Qa6 25. Qa3 Qe2 26. Qb4 Rc8 27.
Rhe1 Qxf2 28. Rf1 Qe2 29. Qxb7 Rf8 30. Qc6 Qg4 31. g6 Bxg6 32. Rxf8+ Kxf8 33.
Qf6+ 1-0

[Event "Titled Tue 10th Jun Early"]
[Site "chess.com INT"]
[Date "2025.06.10"]
[Round "3"]
[White "Jaiveer, Mahendru"]
[Black "Jasinski, Alexander"]
[Result "0-1"]
[WhiteTitle "FM"]
[WhiteElo "2217"]
[BlackElo "1989"]
[WhiteFideId "25611151"]
[BlackFideId "55627994"]
[EventDate "2025.06.10"]

1. d4 Nf6 2. c4 g6 3. Nc3 Bg7 4. e4 O-O 5. Nf3 d6 6. Be2 e5 7. d5 a5 8. O-O Nfd7
9. Ne1 f5 10. exf5 gxf5 11. Nd3 Na6 12. g3 Nac5 13. Nxc5 Nxc5 14. Be3 b6 15. f4
Kh8 16. fxe5 dxe5 17. Bxc5 bxc5 18. g4 e4 19. gxf5 Bxf5 20. Kh1 Qh4 21. Qe1 Qe7
22. Qg3 Be5 23. Qe3 Rab8 24. Nb5 Rb6 25. Rf2 Rxb5 26. Raf1 Bd4 27. Qh6 Bxf2 28.
cxb5 e3 29. Bd3 0-1

[Event "Titled Tue 10th Jun Early"]
[Site "chess.com INT"]
[Date "2025.06.10"]
[Round "3"]
[White "Birkisson, Bjorn Holm"]
[Black "Lai, Duc Minh"]
[Result "0-1"]
[WhiteTitle "CM"]
[WhiteElo "2128"]
[BlackElo "2072"]
[WhiteFideId "2310600"]
[BlackFideId "12420387"]
[EventDate "2025.06.10"]

1. e4 c5 2. Nf3 g6 3. c3 d5 4. e5 Bg4 5. Bb5+ Bd7 6. Qa4 a6 7. Bxd7+ Qxd7 8. Qd1
Nc6 9. d4 Bg7 10. O-O e6 11. Bf4 cxd4 12. cxd4 Nge7 13. Nc3 b5 14. Qd2 O-O 15.
h4 f6 16. Rfe1 fxe5 17. Nxe5 Nxe5 18. Bxe5 Bxe5 19. Rxe5 Nc6 20. Re2 Rae8 21.
Rae1 Qf7 22. g3 Re7 23. Nd1 Qf6 24. Nc3 Nxd4 25. Re3 Nf3+ 26. Rxf3 Qxf3 27. Re3
Qf6 28. Qd3 Qxf2+ 0-1

[Event "Titled Tue 10th Jun Early"]
[Site "chess.com INT"]
[Date "2025.06.10"]
[Round "3"]
[White "Sihite, Chelsie Monica Ignesias"]
[Black "Grover, Sahaj"]
[Result "0-1"]
[WhiteTitle "WIM"]
[BlackTitle "GM"]
[WhiteElo "2223"]
[BlackElo "2465"]
[WhiteFideId "7101198"]
[BlackFideId "5021103"]
[EventDate "2025.06.10"]

1. c4 Nf6 2. g3 g6 3. Bg2 Bg7 4. Nf3 O-O 5. O-O d6 6. d4 Nbd7 7. Nc3 e5 8. d5
Re8 9. e4 h6 10. h3 a5 11. Re1 Nc5 12. b3 Nh7 13. Rb1 f5 14. Nh4 Qf6 15. a3 Ng5
16. Bxg5 hxg5 17. Nf3 Rf8 18. Nd2 g4 19. hxg4 fxg4 20. Re2 Nd3 21. Qf1 Bh6 22.
Rd1 Kg7 23. Ndb1 Nf4 24. gxf4 Bxf4 25. Re3 Bxe3 26. fxe3 Qh4 27. Qxf8+ Kxf8 28.
Rf1+ Kg7 29. Nd2 Bd7 30. c5 Rh8 31. Rf2 Qg3 32. Nf1 Qh4 33. b4 axb4 34. axb4 Ra8
35. b5 Ra1 36. Rb2 g3 37. Bf3 Bh3 38. Bg2 Bxg2 39. Rxg2 Rxf1+ 40. Kxf1 Qh1+ 41.
Rg1 Qf3+ 42. Ke1 Qf2+ 43. Kd1 Qxg1+ 44. Kd2 Qf2+ 45. Kd3 g2 46. b6 g1=Q 47. Kc4
Qgf1+ 48. Kb4 Qb2+ 49. Ka5 Qfa1+ 50. Na4 0-1

[Event "Titled Tue 10th Jun Early"]
[Site "chess.com INT"]
[Date "2025.06.10"]
[Round "3"]
[White "Diao, Matthew Guo"]
[Black "Myagmarsuren, Evsuld"]
[Result "1-0"]
[WhiteTitle "CM"]
[BlackTitle "FM"]
[WhiteElo "2244"]
[BlackElo "2292"]
[WhiteFideId "30970547"]
[BlackFideId "1551639"]
[EventDate "2025.06.10"]

1. Nf3 d5 2. d4 Nf6 3. c4 c6 4. Nc3 e6 5. e3 Nbd7 6. Bd3 dxc4 7. Bxc4 b5 8. Bd3
Bb7 9. e4 b4 10. Na4 c5 11. e5 Nd5 12. O-O cxd4 13. Re1 Be7 14. Nxd4 O-O 15. Qg4
Re8 16. Bh6 Bf8 17. Bg5 Be7 18. Bh6 Bf8 19. Bg5 Be7 20. Nf3 Bxg5 21. Bg6 hxg6
22. Nxg5 Nf8 23. Nc5 Qe7 24. Nce4 Rac8 25. Nd6 Rc2 26. Ngxf7 Rb8 27. Qh3 Nh7 28.
Re4 Qc7 29. Qxh7+ Kxh7 30. Rh4+ Kg8 31. Rh8# 1-0

[Event "Titled Tue 10th Jun Early"]
[Site "chess.com INT"]
[Date "2025.06.10"]
[Round "3"]
[White "Martinez Ramirez, Lennis"]
[Black "Sjugirov, Sanan"]
[Result "0-1"]
[WhiteTitle "IM"]
[BlackTitle "GM"]
[WhiteElo "2442"]
[BlackElo "2635"]
[WhiteFideId "3509079"]
[BlackFideId "4189302"]
[EventDate "2025.06.10"]

1. Nf3 Nf6 2. c4 b6 3. g3 Bb7 4. Bg2 g6 5. O-O Bg7 6. Nc3 O-O 7. Re1 c5 8. d4
cxd4 9. Nxd4 Bxg2 10. Kxg2 Qc8 11. Qd3 Nc6 12. b3 Rd8 13. e4 Nxd4 14. Qxd4 Nxe4
15. Qxe4 Bxc3 16. Bg5 Qc6 17. Qf3 Bxa1 18. Rxa1 f6 19. Be3 Qxf3+ 20. Kxf3 d5 21.
a4 dxc4 22. bxc4 Rac8 23. Rc1 Kf7 24. Ke4 Rc6 25. a5 bxa5 26. c5 Ke6 27. Ra1 Ra6
28. Ra4 Rb8 29. Kd3 Kd5 30. Rd4+ Kc6 31. Re4 e5 32. f4 Kd5 33. fxe5 fxe5 34. Ra4
Rb3+ 35. Kd2 Rb4 36. Ra2 a4 37. Ke2 a3 38. Bc1 Rb3 0-1

[Event "Titled Tue 10th Jun Early"]
[Site "chess.com INT"]
[Date "2025.06.10"]
[Round "3"]
[White "Bahmani, Koorosh"]
[Black "Zhauynbay Aldiyar"]
[Result "0-1"]
[WhiteTitle "CM"]
[BlackTitle "FM"]
[WhiteElo "2207"]
[BlackElo "2233"]
[WhiteFideId "42576750"]
[BlackFideId "13780646"]
[EventDate "2025.06.10"]

1. Nf3 Nf6 2. g3 d6 3. d4 g6 4. Bg2 Bg7 5. O-O O-O 6. b3 Bd7 7. Bb2 Qc8 8. Re1
Bh3 9. Bh1 Ne4 10. Nbd2 Nxd2 11. Nxd2 c5 12. e3 Nc6 13. Nf3 Bg4 14. c3 e5 15. d5
Ne7 16. Qc2 Bf5 17. e4 Bg4 18. Nd2 Bd7 19. c4 f5 20. Nf3 f4 21. Bc1 Bg4 22. Ng5
h6 23. Ne6 Bxe6 24. dxe6 Qxe6 25. f3 g5 26. gxf4 exf4 27. Bb2 Nc6 28. Rad1 Bd4+
29. Bxd4 Nxd4 30. Rxd4 cxd4 31. Qd3 Qe5 32. Bg2 h5 33. Rd1 g4 34. Qxd4 Qxd4+ 35.
Rxd4 Rf6 36. Rd5 Rg6 0-1

[Event "Titled Tue 10th Jun Early"]
[Site "chess.com INT"]
[Date "2025.06.10"]
[Round "3"]
[White "Devaev, Alexander"]
[Black "Heimann, Alexander"]
[Result "0-1"]
[WhiteTitle "FM"]
[WhiteElo "2306"]
[BlackElo "2238"]
[WhiteFideId "4169395"]
[BlackFideId "2006073"]
[EventDate "2025.06.10"]

1. d4 d6 2. c4 Nf6 3. Nc3 g6 4. e4 Bg7 5. Nf3 O-O 6. h3 e5 7. d5 Nh5 8. Nh2 Nd7
9. g3 a5 10. Be2 Nhf6 11. Ng4 Nc5 12. Nxf6+ Bxf6 13. h4 Bd7 14. Be3 a4 15. Qd2
h5 16. Rb1 b6 17. b4 axb3 18. axb3 Ra3 19. b4 Nb3 20. Qb2 Qa8 21. Bd1 Nd4 22.
O-O Bg7 23. Bc1 Ra7 24. Kg2 f5 25. Bg5 f4 26. Bb3 Ra3 27. Bc2 f3+ 28. Kh2 Ne2
29. Bb3 Bf6 30. Bxf6 Rxf6 31. Ra1 Rxa1 32. Rxa1 Qf8 33. c5 Rf4 34. Qd2 Nxc3 35.
Qxc3 Rxh4+ 36. Kg1 Rxe4 37. Bc2 Rg4 38. Qd3 e4 39. Qe3 h4 0-1

[Event "Titled Tue 10th Jun Early"]
[Site "chess.com INT"]
[Date "2025.06.10"]
[Round "3"]
[White "Bartakke, Amardeep S."]
[Black "Barrientos, Ernesto"]
[Result "1-0"]
[WhiteTitle "CM"]
[BlackTitle "CM"]
[WhiteElo "2116"]
[BlackElo "2027"]
[WhiteFideId "5003288"]
[BlackFideId "3701247"]
[EventDate "2025.06.10"]

1. e4 c5 2. Nf3 d6 3. d4 cxd4 4. Nxd4 Nf6 5. Nc3 a6 6. f4 e5 7. Nf3 Nbd7 8. a4
b6 9. Bd3 Be7 10. O-O O-O 11. Kh1 Bb7 12. Qe1 Qc7 13. Nh4 Nc5 14. Nf5 Rfe8 15.
fxe5 dxe5 16. Bg5 Ncd7 17. Qh4 Bf8 18. Nh6+ gxh6 19. Bxf6 Nxf6 20. Qxf6 Qe7 21.
Qf5 Qg5 22. Qxf7+ Kh8 23. Qxb7 Bc5 24. Qf7 Rf8 25. Qe6 Bd4 26. Nd5 Rae8 27. Qh3
Bxb2 28. Rab1 Bd4 29. Bxa6 Qd2 30. Bd3 Rf2 31. Rbd1 Rxf1+ 32. Rxf1 Rg8 33. Ne7
Rg7 34. Nf5 Rg8 35. Nxh6 Qg5 36. Nf7+ 1-0

[Event "Titled Tue 10th Jun Early"]
[Site "chess.com INT"]
[Date "2025.06.10"]
[Round "3"]
[White "Krutko, Anatoly"]
[Black "Savicevs, Arsenijs"]
[Result "0-1"]
[WhiteTitle "FM"]
[BlackTitle "FM"]
[WhiteElo "2397"]
[BlackElo "2211"]
[WhiteFideId "4185862"]
[BlackFideId "11617489"]
[EventDate "2025.06.10"]

1. d4 Nf6 2. c4 e6 3. Nc3 Bb4 4. e3 O-O 5. Bd3 d5 6. Ne2 dxc4 7. Bxc4 c5 8. a3
Bxc3+ 9. bxc3 b6 10. O-O Ba6 11. Bd3 Bxd3 12. Qxd3 Nc6 13. Ng3 Na5 14. e4 cxd4
15. cxd4 h6 16. Bb2 Rc8 17. Rac1 Qd7 18. d5 Nh7 19. Nh5 g6 20. Nf6+ Nxf6 21.
Bxf6 exd5 22. exd5 Qd6 23. Ba1 Qf4 24. Rxc8 Rxc8 25. d6 Rd8 26. d7 Nb7 27. g3
Qf5 28. Re1 Qxd3 29. Re8+ Kh7 30. Bf6 Qxd7 0-1

[Event "Titled Tue 10th Jun Early"]
[Site "chess.com INT"]
[Date "2025.06.10"]
[Round "3"]
[White "Medina, VInce Angelo"]
[Black "Emeliantsev, Anatoliy"]
[Result "1-0"]
[BlackTitle "FM"]
[WhiteElo "2138"]
[BlackElo "2359"]
[WhiteFideId "5205069"]
[BlackFideId "4160681"]
[EventDate "2025.06.10"]

1. Nf3 Nf6 2. g3 g6 3. Bg2 Bg7 4. O-O O-O 5. c3 d6 6. d4 c6 7. Bg5 h6 8. Bxf6
exf6 9. e3 f5 10. Nbd2 Nd7 11. h4 Nf6 12. b4 a6 13. a4 Re8 14. c4 Ng4 15. b5
axb5 16. axb5 Rxa1 17. Qxa1 c5 18. Nb3 Be6 19. Qa4 Qa8 20. Ra1 Qxa4 21. Rxa4
cxd4 22. Nbxd4 Bc8 23. Ra8 Ne5 24. Nxe5 dxe5 25. Nb3 b6 26. Bc6 Rf8 27. c5 Be6
28. cxb6 Rxa8 29. Bxa8 Bxb3 30. b7 Bd5 31. b8=Q+ 1-0

[Event "Titled Tue 10th Jun Early"]
[Site "chess.com INT"]
[Date "2025.06.10"]
[Round "3"]
[White "Xue, Haowen"]
[Black "Paduano, Claudio"]
[Result "1-0"]
[WhiteTitle "GM"]
[BlackTitle "FM"]
[WhiteElo "2518"]
[BlackElo "2249"]
[WhiteFideId "8625492"]
[BlackFideId "2806393"]
[EventDate "2025.06.10"]

1. a3 e5 2. c4 Nf6 3. e3 Nc6 4. Nc3 a6 5. Nf3 d5 6. cxd5 Nxd5 7. Qc2 Be6 8. Be2
Be7 9. O-O O-O 10. Na4 f5 11. d3 Qe8 12. b4 Qg6 13. Bb2 Bd6 14. Nc5 Bxc5 15.
Qxc5 e4 16. Ne5 Nxe5 17. Bxe5 f4 18. dxe4 Qxe4 19. Bd4 f3 20. Bd1 fxg2 21. Re1
Qh4 22. Ra2 Rf7 23. Be5 Raf8 24. Bg3 Qh3 25. Bb3 c6 26. Qd6 1-0

[Event "Titled Tue 10th Jun Early"]
[Site "chess.com INT"]
[Date "2025.06.10"]
[Round "3"]
[White "Garcia, Erick"]
[Black "Lyakh, Vasiliy"]
[Result "1-0"]
[WhiteElo "2135"]
[BlackElo "2123"]
[WhiteFideId "2058880"]
[BlackFideId "14189828"]
[EventDate "2025.06.10"]

1. d4 Nf6 2. c4 e6 3. g3 d5 4. Bg2 Bb4+ 5. Nd2 O-O 6. Nf3 b6 7. O-O Bb7 8. a3
Be7 9. cxd5 exd5 10. b4 Nbd7 11. Bb2 Re8 12. Ne5 c5 13. bxc5 bxc5 14. Ndf3 Nxe5
15. Nxe5 Bd6 16. e3 Rc8 17. Re1 h6 18. Rc1 Qa5 19. f4 cxd4 20. Bxd4 Rxc1 21.
Qxc1 Rc8 22. Qb1 Ba6 23. Bxa7 Qxa3 24. Bd4 Bc5 25. Nf3 Bd3 26. Qb7 Re8 27. Ra1
Qb4 28. Qxb4 Bxb4 29. Bxf6 gxf6 30. Kf2 Rc8 31. Nd4 Bc3 32. Rc1 Kg7 33. Bf1 Rc7
34. Bxd3 Kf8 35. Nb5 Be1+ 36. Rxe1 Rc5 37. Nd4 Rc3 38. Rd1 Ra3 39. Nf5 Ra2+ 40.
Be2 h5 41. Rxd5 h4 42. Rd8# 1-0